Yabancı ağızlı konuşma bozukluklarına reddiye = (Record no. 15659)

MARC details
000 -BAŞLIK
Sabit Uzunlukta Kontrol Alanı 00915nam a22002537a 4500
999 ## - SİSTEM KONTROL NUMARALARI (KOHA)
Koha Biblionumber 15659
Koha Biblioitemnumber 15659
003 - KONTROL NUMARASI IDENTIFIER
Denetim Alanı MIRAKIL
005 - SON İŞLEM TARİHİ VE ZAMANI
Denetim Alanı 20240318113443.0
008 - SABİT-BOY VERİ ELEMANLARI - GENEL BİLGİLER
Sabit Uzunlukta Kontrol Alanı 240318b tu ||||| |||| 00| 0 tur d
020 ## - ULUSLARARASI STANDART KİTAP NUMARASI
Uluslararası Standart Kitap Numarası 9789751631183
040 ## - KATALOGLAMA KAYNAK
Orijinal Kataloglama Ajansı TR-AnCHP
Metne Dönüştürmek Ajansı TR-AnCHP
041 ## - DİL KODU
Metin / Ses Parça Veya Ayrı Başlığın Dil Kodu tur
082 ## - DEWEY ONLU SINIFLANDIRMA NUMARASI
Sınıflandırma Numarası 492.703
Ürün Numarası M26y 2015
100 ## - ANA GİRİŞ - KİŞİSEL İSİM
Kişisel Ad Ma'ruf Efendi, Er-Rasafi, el-Bağdadi
245 10 - BAŞLIK TABLOSU
Başlık Yabancı ağızlı konuşma bozukluklarına reddiye =
Başlığın Kalan Def'u'l-hucne fi'rtidahi'l-lukne /
Sorumluluk Tablosu, Vb Ma'ruf er-Rusafî ; çeviren: Musa Yıldız
246 ## - UNVAN FORM VARYING
Başlık Doğru / Kısa Başlığı Def'u'l-hucne fi'rtidahi'l-lukne
250 ## - EDITION TABLOSU
Baskı Beyanı 1. bsk.
260 ## - YAYIN, DAĞITIM, VB
Yayın, Dağıtım, Vb Yeri Ankara :
Yayıncı, Dağıtıcı, Vs Adı Türk Dil Kurumu Yayınları,
Yayın, Dağıtım, Vb Tarihi 2015
300 ## - FİZİKSEL TANIM
Kapsam 124, 42 s. ;
Boyutlar 20 cm.
490 0# - SERİSİ TABLOSU
Seri Beyanı Türk Dil Kurumu Yayınları ;
Hacim / Ardışık Tanımı 1152.
500 ## - GENEL NOT
Genel Not Metin, Türkçe-Arapça paralel<br/>
650 #0 - KONU KATMA GİRİŞ - TOPİKAL DÖNEM
9 (RLIN) 7716
Topikal Süreli Veya Coğrafi Ad Giriş Elemanı Türk dili
856 ## - ELEKTRONİK YER VE ERİŞİM
Kamu Notu Dijital Nüshası için Partimizin Kütüphane Sorumlusu ile iletişime geçiniz.
942 ## - EKLENDİ GİRİŞ ELEMANLARI (KOHA)
Sınıflandırma Veya Raf Düzeni Kaynak Dewey Decimal Classification
Koha Öğesi Türü Books
Holdings
Kalıcı Konum Mevcut Konum Edinme Tarihi Toplam Check-Out'Lar Tam Çağrı Numarası Barkod Tarih Son Görülme İtibaren Geçerli Fiyatlar Koha Öğesi Türü
CHP Kütüphanesi CHP Kütüphanesi 03/18/2024   492.703 M26y 2015 21572 03/18/2024 03/18/2024 Books